Movies Quiz

Random Movies or Actor Quiz

One Bond Movie Per Actor Quiz Stats

 Plays Quiz Updated Nov 20, 2015

Also try: James Bond Movies
Challenge
Share
Tweet
Embed
Score 0/6 Timer 00:30
1 Play Today
Actor Films % Correct
Sean ConneryDr. No, From Russia With Love, Goldfinger, Thunderball, You Only Live Twice, Diamonds Are Forever
93.1%
Daniel CraigCasino Royale, Quantum of Solace, Skyfall, Spectre
80.8%
Roger MooreLive and Let Die, The Man with the Golden Gun, The Spy Who Loved Me, Moonraker, For Your Eyes Only, Octopussy, A View to a Kill
79.9%
Pierce BrosnanGoldenEye, Tomorrow Never Dies, The World Is Not Enough, Die Another Day
73.8%
George LazenbyOn Her Majesty's Secret Service
52.5%
Timothy DaltonThe Living Daylights, Licence to Kill
47.2%

You're not logged in!

Compare scores with friends on all Sporcle quizzes.
OR
Log In

You Might Also Like...

Show Comments

Extras

Top Quizzes Today


Score Distribution

Your Account Isn't Verified!

In order to create a playlist on Sporcle, you need to verify the email address you used during registration. Go to your Sporcle Settings to finish the process.

Report this User

Report this user for behavior that violates our Community Guidelines.

Details: